01621nam a2200457 i 450000100060000000300090000600500170001500800390003201500170007103500230008803500360011103500140014703500210016103500230018203500440020504000280024904100140027704600090029108000120030024501170031224600550042926000590048430000330054333600270057633700540060333800280065738000160068538000230070138800140072438800140073850400140075252100900076665000220085665800240087865800280090270000250093070000310095570000400098671000390102685600980106513168KOSZ 00520191018140711.0081002s1960 pl a f |000 0 pol aPB 1960/7812 a991045368279705066 a(PL-WaBN)b22402421-48omnis_nlop ab22402421 a(OCoLC)749378680 a(PL)b0000002240242 a(EXLNZ-48OMNIS_NETWORK)9910281956405606 aWA NcWA NdKOSZ 005/EG1 apolheng  k1960 a621.38210aElektronika półprzewodnikowa /c[red.] L. Hunter ; [współaut. J.B. Angell et al. ; tł. A. Królikowski].1 iTyt. oryg.:aHandbook of semiconductor electronics aWarszawa :bPaństwowe Wydawnictwa Techniczne,c1960. a730, [2] s. :bil. ;c25 cm. 2rdacontentaTekstbtxt 2rdamediaaBez urządzenia pośredniczącegobn 2rdacarrieraWoluminbnc aKsiążki aPublikacje fachowe a1901-2000 a1945-1989 aBibliogr.8 aDla inżynierów i techników oraz studentów wyższych szkół technicznych.  7aPółprzewodniki aFizyka i astronomia aInżynieria i technika1 aAngell, J. B.eAutor1 aHunter, Lloyd P.eRedakcja1 aKrólikowski, AlfredeTłumaczenie2 aPaństwowe Wydawnictwa Techniczne uhttp://koha.tu.koszalin.pl/cgi-bin/koha/opac-detail.pl?biblionumber=13168yKatalog online BPK